000 01067nam a2200325 i 4500
001 000006462
003 DO-SdBNP
005 20251007093043.0
007 ta
008 090831s2006 dr a r 000 0 spa d
020 _a9993486345
040 _aDO-SdBNP
_bspa
_cBNPHU
_erda
041 _aspa
082 4 _a640.41
_bC728L 2006
_222
100 1 _aComarazamy, Luisa,
_eautor
_4aut.
_917924
245 1 3 _aEl libro de las soluciones /
_cLuisa Comarazamy, Elizabeth Comarazamy.
250 _aSegunda edición
264 1 _aSanto Domingo :
_bEditora Búho,
_c2006.
300 _a180 páginas :
_bilustraciones ;
_c22 cm.
336 _atexto
_btxt
_2rdacontent
337 _asin mediación
_bn
_2rdamedia
338 _avolumen
_bnc
_2rdacarrier
500 _aIncluye datos biográficos de los autores en la solapa de la cubierta.
590 _aInventariado, 2018/BT
650 4 _aEconomía doméstica
_917915
650 4 _aRecetarios
_917916
700 1 2 _aComarazamy, Elizabeth,
_eautor
_4aut.
_917917
910 _aValidado. Control de calidad. EMS
942 _2ddc
_cLBS1
999 _c6255
_d6255